=LDR 00000nam 2200000 4500 =001 INLIS000000001052469 =005 20240902092634 =035 ##$$a 0010-0924000008 =007 ta =008 240902###########################0###### =020 ##$$a 978-623-6104-12-5 =082 ##$$a 808.02 =084 ##$$a 808.02 NAN t =100 #$$a Nanik Yuliani =245 1#$$a Teruntai Makna Waktu Luang / Nanik Yuliani ; Editor : Bagus Irawan =260 ##$$a Depok :$b Gemala,$c 2021 =300 ##$$a x 162 Halaman : $b ilustrasi ; $c 21 cm =500 ##$$a Biografi : Halaman 64 =600 #4$$a Pengarangan =990 ##$$a 18601860 =990 ##$$a 317/53/2024